000 00340nam a22001577a 4500
020 _a023-033-236-6
082 _a530
_bMAC/P
100 _aMACMILLAN
245 _aPHYSICS -XI
246 _aPHYSICS -XI
_bPHYSICS -XI
260 _aNEW DELHI
_bMACMILLAN
300 _a660
520 _aPHYSICS- FULLMARKS
650 _aPHYSICS
942 _cBK
999 _c8558
_d8558